| Tag |
First Indicator |
Second Indicator |
Subfields |
| LEADER |
00000cam a2200000 a 4500 |
| 001 |
in00000016416 |
| 005 |
20151007052752.0 |
| 008 |
880303s1987 pauabf b 00110 eng d |
| 010 |
|
|
|a 86072881
|
| 020 |
|
|
|a 0871691795
|
| 035 |
|
|
|a (OCoLC)17569039
|
| 035 |
|
|
|9 AAA9104AM
|
| 040 |
|
|
|a TXA
|c TXA
|d VIC
|d OCL
|d TXA
|d UtOrBLW
|
| 049 |
|
|
|a TXAM
|c [A11071100]
|
| 050 |
|
4 |
|a RC199.5.P4
|b M34 1987
|
| 100 |
1 |
|
|a McCarthy, Michael P.
|
| 245 |
1 |
0 |
|a Typhoid and the politics of public health in nineteenth-century Philadelphia /
|c Michael P. McCarthy.
|
| 264 |
|
1 |
|a Philadelphia :
|b American Philosophical Society,
|c 1987.
|
| 300 |
|
|
|a ix, 101 pages, 16 unnumbered pages of plates :
|b illustrations, maps ;
|c 23 cm.
|
| 336 |
|
|
|a text
|b txt
|2 rdacontent
|
| 337 |
|
|
|a unmediated
|b n
|2 rdamedia
|
| 338 |
|
|
|a volume
|b nc
|2 rdacarrier
|
| 490 |
1 |
|
|a Memoirs of the American Philosophical Society,
|x 0065-9738 ;
|v v. 179
|
| 504 |
|
|
|a "Note on sources": pages 98-99.
|
| 500 |
|
|
|a Includes index.
|
| 650 |
|
0 |
|a Public health
|z Pennsylvania
|z Philadelphia.
|
| 650 |
|
0 |
|a Typhoid fever
|z Pennsylvania
|z Philadelphia.
|
| 830 |
|
0 |
|a Memoirs of the American Philosophical Society ;
|v v. 179.
|
| 999 |
|
|
|a MARS
|
| 999 |
f |
f |
|s c079ae09-6dcc-30bc-8f7b-ebb5258ab1f7
|i fe631720-cbee-3e0d-8efc-c27ef97c5507
|t 0
|
| 952 |
f |
f |
|p ric
|a Texas A&M University
|b Rellis Campus
|c Joint Library Facility
|d Remote Storage
|t 0
|e RC199.5.P4 M34 1987
|h Library of Congress classification
|i unmediated -- volume
|m A14811071100
|
| 998 |
f |
f |
|a RC199.5.P4 M34 1987
|t 0
|l Remote Storage
|